LIBRARY & INFORMATION CENTRE, KCAET, TAVANUR

ONLINE PUBLIC ACCESS CATALOGUE (OPAC)

Elements of ordinary differential equations and special functions / (Record no. 2951)

MARC details
000 -LEADER
fixed length control field 00486cam a2200181ua 4500
003 - CONTROL NUMBER IDENTIFIER
control field OSt
008 - FIXED-LENGTH DATA ELEMENTS--GENERAL INFORMATION
fixed length control field 250804b |||||||| |||| 00| 0 eng d
020 ## - INTERNATIONAL STANDARD BOOK NUMBER
ISBN 81 224 0880 X
041 ## - LANGUAGE CODE
Language code of text/sound track or separate title eng
082 ## - DEWEY DECIMAL CLASSIFICATION NUMBER
Classification number 515.352
Item number CHA/EL
100 ## - MAIN ENTRY--AUTHOR NAME
Personal name Chakrabarti, A .
245 ## - TITLE STATEMENT
Title Elements of ordinary differential equations and special functions /
250 ## - EDITION STATEMENT
Edition statement 2 /
260 ## - PUBLICATION, DISTRIBUTION, ETC. (IMPRINT)
Place of publication New Delhi :
Name of publisher New Age International Ltd ,
Year of publication 1990.
300 ## - PHYSICAL DESCRIPTION
Number of Pages 158 ; .
500 ## - GENERAL NOTE
General note **Reference
942 ## - ADDED ENTRY ELEMENTS (KOHA)
Koha item type Books
Holdings
Withdrawn status Lost status Damaged status Home library Current library Date acquired Full call number Accession Number Koha item type
      KAUAET KAUAET 07/04/2012 515.352 CHA/EL 19942 Books
      KAUAET KAUAET 07/04/2012 515.352 CHA/EL 20417 Books
      KAUAET KAUAET 07/04/2012 515.352 CHA/EL 20408 Books
free website counter